| 000 | 01229nam a2200229Ia 4500 | ||
|---|---|---|---|
| 999 |
_c56120 _d56120 |
||
| 001 | 23221 | ||
| 003 | GE_BSU | ||
| 005 | 20251001181827.0 | ||
| 008 | 181216s||||||||xx |||||||||||||| ||und|| | ||
| 040 | _cGE_BSU | ||
| 041 | _ageo | ||
| 080 | _a94(47+57)(075.8) ბ-57 | ||
| 100 |
_aბერხინი, ი. ბ. _925807 |
||
| 245 |
_aსსრკ ისტორია (1917-1977). ნაწ. 1, (1917-1937) : _bდამხმ. სახელმძღვ. უნ-ტების სტუდენტებისათვის / _cი.ბ. ბერხინი ; ქართ. გამოც. რედ.: ს. ჩხარტიშვილი ; მთარგმნ. : მ. მურღულია, ა. მენთეშაშვილი, ბ. სოხვაძე. |
||
| 250 | _aთარგმ. მე-2 გადამუშ. გამოცემიდან | ||
| 264 |
_aთბილისი : _bთბილ. უნ-ტის გამ-ბა, _c1980. |
||
| 300 |
_a460 გვ. ; _c22 სმ. |
||
| 541 | _h3ლ. 30თ. | ||
| 653 | _aსსრ კავშირის ისტორია | ||
| 653 | _aსსრკ ისტორია (1917-1977). ნაწ. 1 : (1917-1937) | ||
| 942 |
_cBK _2udc |
||